The native peoples of North America / (Record no. 6324)
[ view plain ]
| 000 -LEADER | |
|---|---|
| fixed length control field | 01362nam a22002657a 4500 |
| 001 - CONTROL NUMBER | |
| control field | 6324 |
| 003 - CONTROL NUMBER IDENTIFIER | |
| control field | FISKH |
| 005 - DATE AND TIME OF LATEST TRANSACTION | |
| control field | 20250422101117.0 |
| 008 - FIXED-LENGTH DATA ELEMENTS--GENERAL INFORMATION | |
| fixed length control field | 250422b cb ||||| |||| 00| 0 eng d |
| 020 ## - INTERNATIONAL STANDARD BOOK NUMBER | |
| International Standard Book Number | 9780340803301 |
| 040 ## - CATALOGING SOURCE | |
| Original cataloging agency | FISKH |
| Language of cataloging | eng |
| Transcribing agency | FISKH |
| Modifying agency | FISKH |
| 050 ## - LIBRARY OF CONGRESS CALL NUMBER | |
| Classification number | E77.4 W |
| 082 ## - DEWEY DECIMAL CLASSIFICATION NUMBER | |
| Classification number | 970.00497 |
| 100 ## - MAIN ENTRY--PERSONAL NAME | |
| Personal name | Whittock, Martyn |
| 245 ## - TITLE STATEMENT | |
| Title | The native peoples of North America / |
| Statement of responsibility, etc. | By Martyn Whittock |
| 250 ## - EDITION STATEMENT | |
| Edition statement | First published 2002 |
| 260 ## - PUBLICATION, DISTRIBUTION, ETC. | |
| Place of publication, distribution, etc. | London : |
| Name of publisher, distributor, etc. | Hodder Education , |
| Date of publication, distribution, etc. | 2002. |
| 300 ## - PHYSICAL DESCRIPTION | |
| Extent | 46 pages : |
| Other physical details | color illustrations, maps ; |
| Dimensions | 28 cm . |
| 505 ## - FORMATTED CONTENTS NOTE | |
| Formatted contents note | X <br/> |
| 520 ## - SUMMARY, ETC. | |
| Summary, etc. | This title is an essential and unique Key Stage 3 resource for teaching and learning about the factors that characterise the history and rich cultural diversity of different North American tribes. It never lets go of the period's story, providing innovative and exciting opportunities to examine the Big Picture and Investigate particular topics. Did you know that in 1800 there were about 50 million buffalo in North America, but that by 1900 there were only about 1,000 (almost all had been killed by European hunters); that the only survivor of 'Custer's Last Stand' was a horse called Commanche; or that the last Shoshone raids took place in 1915? |
| 521 8# - TARGET AUDIENCE NOTE | |
| Target audience note | 890 <br/> |
| Source | Lexile <br/> |
| 521 8# - TARGET AUDIENCE NOTE | |
| Target audience note | X <br/> |
| Source | Raz-Plus <br/> |
| 942 ## - ADDED ENTRY ELEMENTS (KOHA) | |
| Source of classification or shelving scheme | Dewey Decimal Classification |
| Koha item type | Books |
| Suppress in OPAC | No |
| Withdrawn status | Lost status | Source of classification or shelving scheme | Damaged status | Not for loan | Collection | Home library | Current library | Shelving location | Date acquired | Total Checkouts | Full call number | Barcode | Date last seen | Price effective from | Koha item type |
|---|---|---|---|---|---|---|---|---|---|---|---|---|---|---|---|
| Dewey Decimal Classification | Non-Fiction | Footprints International School Library Network Toul Tom Poung Campus | Footprints International School Library Network Toul Tom Poung Campus | TTP Secondary Non-Fiction Bookshelves | 04/22/2025 | WHI 970.00497 E77.4 W | FISSE03187 | 04/22/2025 | 04/22/2025 | Books |
